[Event "COL visually impaired 14th"]
[Site "Armenia"]
[Date "2018.11.11"]
[Round "5.16"]
[White "Chacon Guzman, Kevin Stiwar"]
[Black "Oyola, Fernando"]
[Result "1-0"]
[WhiteElo "1550"]
[BlackElo "1647"]
[PlyCount "72"]
[EventDate "2018.11.09"]
[EventType "swiss"]
[EventRounds "6"]
[EventCountry "COL"]
[SourceTitle "EXT 2024"]
[Source "ChessBase"]
[SourceDate "2023.10.10"]
[SourceVersion "1"]
[SourceVersionDate "2023.10.10"]
[SourceQuality "1"]

1. d4 Nf6 2. Bf4 d5 3. e3 Bf5 4. h3 e6 5. a3 h6 6. c4 Bd6 7. Be5 Nc6 8. Bxf6 Qxf6 9. c5 Bf8 10. Nc3 a6 11. Qa4 Qd8 12. Nf3 f6 13. Nd2 Be7 14. Be2 Bg6 15. 0-0 0-0 16. f3 f5 17. Bd3 Bg5 18. Rae1 Be8 19. Qc2 Bg6 20. Re2 Rf7 21. g4 Qf8 22. f4 Be7 23. Kf2 Bh4+ 24. Kg2 Be7 25. Kg3 Rd8 26. h4 Bh7 27. Ref2 g5 28. hxg5 fxg4 29. g6 Bxg6 30. Bxg6 Rg7 31. f5 Qf6 32. Rh1 Qg5 33. Qd3 Rf8 34. Rh5 Qf6 35. Rxh6 Qg5 36. Rfh2 Rff7 1-0

[Event "COL-ch visually impaired 2nd"]
[Site "Cali"]
[Date "2008.10.26"]
[Round "4.7"]
[White "Oyola, Fernando"]
[Black "Franco Perez, William"]
[Result "1-0"]
[WhiteElo "1600"]
[BlackElo "1600"]
[PlyCount "153"]
[EventDate "2008.10.25"]
[EventType "swiss"]
[EventRounds "7"]
[EventCountry "COL"]
[SourceTitle "EXT 2024"]
[Source "ChessBase"]
[SourceDate "2023.10.10"]
[SourceVersion "1"]
[SourceVersionDate "2023.10.10"]
[SourceQuality "1"]

1. e4 c5 2. Nf3 Nc6 3. d4 cxd4 4. Nxd4 Nf6 5. Nc3 e5 6. Nxc6 bxc6 7. Bd2 Rb8 8. b3 d5 9. exd5 cxd5 10. Bb5+ Bd7 11. Bxd7+ Qxd7 12. h3 Bb4 13. Na4 Bxd2+ 14. Qxd2 0-0 15. 0-0 Rfc8 16. Rfe1 Qc7 17. Rac1 e4 18. c4 Qe5 19. Qa5 Rd8 20. cxd5 Rxd5 21. Qxa7 Rbd8 22. Nc3 Rd2 23. Ne2 h6 24. Qe3 Rxa2 25. Rcd1 Rxd1 26. Rxd1 Nd5 27. Qd4 Qxd4 28. Nxd4 Nc3 29. Rc1 Ne2+ 30. Nxe2 Rxe2 31. Rd1 Kf8 32. b4 Ke8 33. b5 Ke7 34. Kf1 Ra2 35. b6 Ke6 36. Rb1 Kd7 37. g3 Kc8 38. Rc1+ Kb7 39. Rc7+ Kxb6 40. Rxf7 Ra7 41. Rxa7 Kxa7 42. Ke2 Kb7 43. Ke3 Kc6 44. Kxe4 Kd6 45. Kf5 Ke7 46. Kg6 Ke6 47. Kxg7 Kf5 48. Kxh6 Ke4 49. g4 Kf4 50. g5 Kf5 51. g6 Kf6 52. g7 Kf7 53. Kh7 Kf6 54. g8Q Ke7 55. Qg7+ Kd6 56. f4 Kc5 57. f5 Kc4 58. f6 Kc5 59. f7 Kd6 60. f8Q+ Kc6 61. h4 Kb6 62. h5 Kc6 63. Kh6 Kb6 64. Qg6+ Kb5 65. Qfg7 Kb4 66. Kg5 Ka4 67. h6 Kb4 68. h7 Ka4 69. h8Q Kb4 70. Qe4+ Kb5 71. Qge5+ Kb6 72. Qhf6+ Ka7 73. Qee7+ Kb8 74. Q4b4+ Kc8 75. Qec5+ Kd7 76. Qcd6+ Ke8 77. Qbb8# 1-0